Statistics for Genericized Products

Click here to take the quiz!

General Stats

  • This quiz has been taken 24 times
  • The average score is 12 of 20

Answer Stats

HintAnswer% Correct
BandageBand-Aid
95%
Moving staircaseEscalator
91%
TissuesKleenex
86%
Petroleum jellyVaseline
82%
Plastic containers that hold foodTupperware
77%
Spinning toy on a stringYo-yo
77%
Tub with jetsJacuzzi
73%
Sticky note paperPost-It
73%
Very strong glueSuper Glue
68%
Inflated packaging materialBubble Wrap
64%
Lip moisturizerChapStick
64%
Keeps beverages or food warmThermos
64%
Program to edit picturesPhotoshop
59%
Pepper sprayMace
55%
Software that alters a singer's voiceAuto-Tune
45%
Plastic wrapSaran Wrap
41%
Clear paper used in gift basketsCellophane
27%
One- or two-person watercraftJet Ski
27%
Bouncy, usually circular structureTrampoline
18%
Bodysuit that doesn't cover the legsOnsie
0%

Score Distribution

Percentile by Number Answered

Percent of People with Each Score

Your Score History

You have not taken this quiz